000 00616nam a22002057a 4500
003 OSt
005 20171020202409.0
008 130820b xxu||||| |||| 00| 0 eng d
020 _a9-7818-4277-0917
040 _aLDCLIB
_cLDCLIB
082 _222
_a341.48
_bCUL
245 _aCultural Transformation and Human Rights in Africa /
_cedited by Abdullahi A An-Na’im.
260 _aLondon :
_bZed Books Ltd.
_c2002
300 _aviii, 269 p. ;
_c23 cm.
500 _aIncludes Index
650 _aHuman rights --
_zAfrica
650 _aCultural transformation
700 _aNa'im, Abdullahi A.
942 _2ddc
_cBK
999 _c5521
_d5521